000 00357 a2200145 4500
001 163622
020 _a
040 _cMagnum
100 _aMurad, Jose Elias
240 1 0 _aAbraco: contra as drogas - e a favor da vida
_lpor
245 1 0 _aAbraco: contra as drogas - e a favor da vida
362 0 _a1899
697 _aCIENCIAS MEDICAS SAUDE
942 _cBK
999 _c163622
_d163622